The IMS : IP multimedia concepts and services
Saved in:
| Other Authors: | |
|---|---|
| Format: | Book |
| Language: | English |
| Published: |
Chichester, England ; Hoboken, NJ :
J. Wiley & Sons,
c2006
|
| Edition: | 2η εκδ. |
| Subjects: | |
| Tags: |
Add Tag
No Tags, Be the first to tag this record!
|
MARC
| LEADER | 00000nam a2200000 i 4500 | ||
|---|---|---|---|
| 001 | 1/50502 | ||
| 008 | 070803s2006 eng d | ||
| 020 | |a 978-0-470-01906-1 | ||
| 020 | |a 0-470-01906-9 | ||
| 035 | |l 10089473 | ||
| 040 | |a GR-MY-UA |b gre |e aacr | ||
| 041 | 0 | |a eng | |
| 082 | 0 | |a 621.38212 |2 (22) | |
| 245 | 1 | 4 | |a The IMS : |b IP multimedia concepts and services / |c Miikka Poikselka...[και ά.]. |
| 250 | |a 2η εκδ. | ||
| 260 | |a Chichester, England ; Hoboken, NJ : |b J. Wiley & Sons, |c c2006 | ||
| 300 | |a xxxii, 431 σ.; |b εικ.; |c 25 εκ. | ||
| 504 | |a Περιλαμβάνει βιβλιογραφικές παραπομπές (σ.[401]-408) και ευρετήριο. | ||
| 650 | 0 | 0 | |a Wireless communication systems. |
| 650 | 0 | 0 | |a Mobile communication systems. |
| 650 | 0 | 0 | |a Multimedia communications. |
| 700 | 1 | |a Poikselka, Miikka. | |
| 852 | |a INST |b SAMOS |e 20070803 |h 621.38212 IMS |p 005300025567 |q 005300025567 |t BK |y 0 | ||
| 901 | |a BIBL3-2007-2 | ||
| 909 | |a Σ |b 137153 | ||
| 922 | |a 3ΕΛΗ |b 200707 |c ΕΠΕΑΕΚ2/ΤΜΠΕΣ |d ΠΑΠΑΣΩΤΗΡΙΟΥ | ||
| 970 | |a ΣΙΤΖΙΜΗ |b ΓΙΑΣΕΜΗ |z 2007/08/3 | ||